Detalles MARC
| 000 -LEADER |
| campo de control de longitud fija |
03026am aa2200469i 44500 |
| 003 - IDENTIFICADOR DE NÚMERO DE CONTROL |
| campo de control |
PE-LiUPU |
| 005 - FECHA Y HORA DE LA ÚLTIMA TRANSACCIÓN |
| campo de control |
20251023114507.0 |
| 008 - DATOS DE LONGITUD FIJA--INFORMACIÓN GENERAL |
| campo de control de longitud fija |
2112s2021 pe#a rb 001 0 spa d |
| 020 ## - NÚMERO INTERNACIONAL ESTÁNDAR DEL LIBRO |
| Número Internacional Estándar del Libro |
9786124396410 |
| 035 ## - NÚMERO DE CONTROL DEL SISTEMA |
| Número de control de sistema |
PE-LiUPU000051 |
| 040 ## - FUENTE DE CATALOGACIÓN |
| Centro catalogador/agencia de origen |
PE-LiUPU |
| Lengua de catalogación |
spa |
| Centro/agencia transcriptor |
PE-LiUPU |
| Normas de descripción |
rda |
| 082 04 - NÚMERO DE LA CLASIFICACIÓN DECIMAL DEWEY |
| Número de clasificación |
720.9811 |
| Número de edición |
23 |
| Cutter |
C578l |
| 100 ## - ENTRADA PRINCIPAL--NOMBRE DE PERSONA |
| Nombre de persona |
Ciriani Espejo, Patricia, |
| Término indicativo de función/relación |
autora. |
| 9 (RLIN) |
7439 |
| 245 10 - MENCIÓN DEL TÍTULO |
| Título |
Lima la sublime : |
| Resto del título |
apuntes para una ciudad caníbal / |
| Mención de responsabilidad, etc. |
por Patricia Ciriani Espejo. |
| 264 #1 - PRODUCCIÓN, PUBLICACIÓN, DISTRIBUCIÓN, FABRICACIÓN Y COPYRIGHT |
| Producción, publicación, distribución, fabricación y copyright |
Lima : |
| Nombre del de productor, editor, distribuidor, fabricante |
Fondo Editorial de la Universidad Nacional de Ingeniería (EDUNI), Facultad de Arquitectura, Urbanismo y Artes, Instituto de Investigación INIFAUA, |
| Fecha de producción, publicación, distribución, fabricación o copyright |
diciembre de 2021. |
| 300 ## - DESCRIPCIÓN FÍSICA |
| Extensión |
259 páginas : |
| Otras características físicas |
ilustraciones (algunas a color), fotografías ; |
| Dimensiones |
28 cm. |
| 336 ## - TIPO DE CONTENIDO |
| Término de tipo de contenido |
texto |
| Código de tipo de contenido |
txt |
| Fuente |
rdacontent |
| 337 ## - TIPO DE MEDIO |
| Nombre/término del tipo de medio |
sin mediación |
| Código del tipo de medio |
n |
| Fuente |
rdamedia |
| 338 ## - TIPO DE SOPORTE |
| Nombre/término del tipo de soporte |
volumen |
| Código del tipo de soporte |
nc |
| Fuente |
rdacarrier |
| 500 ## - NOTA GENERAL |
| Nota general |
Primera edición. Tiraje de 500 ejemplares. |
| 500 ## - NOTA GENERAL |
| Nota general |
Incluye fotografías de Genaro Alva, Samuel Chambi, Luis Ascúe, Alejandro Jaime, Patricia Ciriani, entre otros. |
| 500 ## - NOTA GENERAL |
| Nota general |
Hecho el Depósito Legal en la Biblioteca Nacional del Perú N.º 2021-13982. |
| 500 ## - NOTA GENERAL |
| Nota general |
Impreso en diciembre de 2021 en Gráfica Fénix, Lima, Perú. |
| 504 ## - NOTA DE BIBLIOGRAFÍA, ETC. |
| Nota de bibliografía, etc. |
Incluye bibliografía (p. 243–246) e índice onomástico (p. 247). |
| 505 0# - NOTA DE CONTENIDO CON FORMATO |
| Nota de contenido con formato |
Prólogo -- Preámbulos -- Ensayos para una ciudad caníbal -- La curaduría como activismo urbano -- Derivas críticas -- Diálogos -- Epílogo -- Ilustraciones -- Bibliografía -- Índice onomástico. |
| 520 ## - RESUMEN, ETC. |
| Sumario, etc. |
Obra que propone una lectura crítica y estética de la ciudad de Lima, interpretándola como una urbe compleja, híbrida y contradictoria. A través de ensayos, artículos y reflexiones curatoriales, la autora examina los fenómenos urbanos contemporáneos, la relación entre arte, arquitectura y sociedad, y la construcción simbólica de la metrópoli limeña. El texto combina teoría, crítica y práctica cultural, proponiendo una mirada interdisciplinaria hacia la ciudad latinoamericana. |
| 546 ## - NOTA DE IDIOMA |
| Nota de lengua/lenguaje |
Texto en español. |
| 600 14 - PUNTO DE ACCESO ADICIONAL DE MATERIA--NOMBRE DE PERSONA |
| Nombre de persona |
Ciriani Espejo, Patricia |
| Subdivisión general |
Crítica e interpretación. |
| 9 (RLIN) |
7440 |
| 650 24 - PUNTO DE ACCESO ADICIONAL DE MATERIA--TÉRMINO DE MATERIA |
| Término de materia o nombre geográfico como elemento de entrada |
Arquitectura |
| Subdivisión general |
Aspectos sociales |
| Subdivisión geográfica |
Perú. |
| 9 (RLIN) |
7279 |
| 650 24 - PUNTO DE ACCESO ADICIONAL DE MATERIA--TÉRMINO DE MATERIA |
| Término de materia o nombre geográfico como elemento de entrada |
Arquitectura y urbanismo |
| 9 (RLIN) |
7295 |
| 650 24 - PUNTO DE ACCESO ADICIONAL DE MATERIA--TÉRMINO DE MATERIA |
| Término de materia o nombre geográfico como elemento de entrada |
Ciudades y pueblos |
| Subdivisión general |
Aspectos sociológicos. |
| 9 (RLIN) |
7441 |
| 650 #0 - PUNTO DE ACCESO ADICIONAL DE MATERIA--TÉRMINO DE MATERIA |
| Término de materia o nombre geográfico como elemento de entrada |
Arte y arquitectura. |
| 9 (RLIN) |
7442 |
| 655 #7 - TERMINO DE INDIZACIÓN--GENERO/FORMA |
| Datos o término principal de género/forma |
Ensayos peruanos |
| Fuente del término |
rdfs |
| 700 ## - ENTRADA AGREGADA--NOMBRE PERSONAL |
| Nombre de persona |
Ludeña Urquizo, Wiley, |
| Término indicativo de función/relación |
prologuista. |
| 9 (RLIN) |
7443 |
| 710 ## - ENTRADA AGREGADA--NOMBRE DE ENTIDAD CORPORATIVA |
| Nombre de entidad corporativa o nombre de jurisdicción como elemento de entrada |
Universidad Nacional de Ingeniería (Perú). |
| Unidad subordinada |
Facultad de Arquitectura, Urbanismo y Artes, |
| Término indicativo de función/relación |
editor. |
| 9 (RLIN) |
7444 |
| 710 ## - ENTRADA AGREGADA--NOMBRE DE ENTIDAD CORPORATIVA |
| Nombre de entidad corporativa o nombre de jurisdicción como elemento de entrada |
Fondo Editorial EDUNI, |
| Término indicativo de función/relación |
editor. |
| 9 (RLIN) |
7445 |
| 710 2# - ENTRADA AGREGADA--NOMBRE DE ENTIDAD CORPORATIVA |
| Nombre de entidad corporativa o nombre de jurisdicción como elemento de entrada |
Instituto de Investigación INIFAUA, |
| Término indicativo de función/relación |
editor. |
| 856 40 - LOCALIZACIÓN Y ACCESO ELECTRÓNICOS |
| Identificador Uniforme de Recursos |
<a href="https://fondoeditorial.uni.edu.pe">https://fondoeditorial.uni.edu.pe</a> |
| Nota pública |
Sitio web del Fondo Editorial EDUNI. |
| 942 ## - ELEMENTOS DE ENTRADA SECUNDARIOS (KOHA) |
| Fuente del sistema de clasificación o colocación |
Clasificación Decimal Dewey |
| Tipo de ítem Koha |
Libros físicos |
| 980 ## - EQUIVALENCIA O REFERENCIA-CRUZADA-MENCIÓN DE SERIE--NOMBRE DE PERSONA/TÍTULO [LOCAL, CANADÁ] |
| ID del usuario creador del registro |
21515 |
| Nombre del creador del registro |
ROMINA COBOS Adquisiciones |
| ID del último usuario que modificó el registro |
18226 |
| Nombre del último usuario que modificó el registro |
Jaime Vilcazán Jefe de Análisis Documental |